Journal of India Writing in English (Record no. 86754)

MARC details
000 -LEADER
fixed length control field 00426nam a2200133Ia 4500
008 - FIXED-LENGTH DATA ELEMENTS--GENERAL INFORMATION
fixed length control field 211109s9999||||xx |||||||||||||| ||und||
082 ## - DEWEY DECIMAL CLASSIFICATION NUMBER
Classification number 820.05
Item number BAL-J
100 ## - MAIN ENTRY--PERSONAL NAME
Personal name Balarama Gupta, G S
245 #0 - TITLE STATEMENT
Title Journal of India Writing in English
260 ## - PUBLICATION, DISTRIBUTION, ETC.
Name of publisher, distributor, etc. Dept. of Englih
Place of publication, distribution, etc. Gulbarga
Date of publication, distribution, etc. 1976
630 ## - SUBJECT ADDED ENTRY--UNIFORM TITLE
General subdivision Post Graduate Reference
650 ## - SUBJECT ADDED ENTRY--TOPICAL TERM
Topical term or geographic name entry element English & Old English literatures
942 ## - ADDED ENTRY ELEMENTS (KOHA)
Koha item type BOOK
650 ## - SUBJECT ADDED ENTRY--TOPICAL TERM
Form subdivision Writing in English
General subdivision IndiaJournalEnglish
Holdings
Withdrawn status Lost status Damaged status Not for loan Home library Current library Date acquired Cost, normal purchase price Total Checkouts Full call number Barcode Shelving location Date last seen Price effective from Koha item type
        SB LIBRARY SB LIBRARY 09/11/2021 125.00   820.05 BAL-J 00071592 POST GRADUATE REFERENCE 09/11/2021 09/11/2021 BOOK

Powered by Koha